El gran juego del fútbol /

Guardado en:
Formato: Objeto Físico
Publicado: Argentina : T.g.c., [199?]
Materias:
Etiquetas: Agregar Etiqueta
Sin Etiquetas, Sea el primero en etiquetar este registro!
LEADER 00778nrm a22001575g 4500
001 CEM.cems019432
008 130507b199?##################0###0#####d
005 20220830181806.0
245 0 0 |a El gran juego del fútbol /  |c Productos Boca. 
260 |a Argentina :  |b T.g.c.,  |c [199?] 
300 |a 1 juego ( 1 tablero, 2 pelotas cartón, 1 dado defensa, 1 dado ataque, 1 dado medio campo, 100 cartas-medio campo, ataque, defensa, tiro de esquina, arquero, tiro libre, penal) ; en caja 24 x 39 x 3 cm. + instrucciones. 
500 |a Para 2 a 6 jugadores en 2 equipos a partir de 10 años objetivo: convertir goles para ganar. 
082 0 4 |a J793.24 
653 |a 1. juegos de entretenimiento general 
653 |a 2. juego de futbol de mesa 
859 |a CEMS  |b BIB. CEMS - Ludoteca  |h J793.24  |i P942  |p 198.99  |t Ej.1